| 000 | 01550nam a2200373 c 4500 | ||
|---|---|---|---|
| 999 |
_c50162 _d50162 |
||
| 001 | 50162 | ||
| 003 | ES-MaCES | ||
| 005 | 20171031095709.0 | ||
| 008 | 171030s2017 sp o000 | spa d | ||
| 017 |
_aBA 295-2017 _bDL |
||
| 040 |
_aES-MaCES _bspa _cES-MaCES |
||
| 110 | 2 |
_92436 _aConsejo Económico y Social de Extremadura |
|
| 245 | 1 | 0 |
_aMemoria anual 2016, situación socioeconómica de la Comunidad Autónoma de Extremadura _b: resumen ejecutivo : aprobada en la sesión ordinaria del Pleno del Consejo Económico y Social de Extremadura, celebrada el 28 de junio de 2017 _cConsejo Económico y Social de Extremadura |
| 250 | _a1ª ed | ||
| 260 |
_a[Mérida] _bCES _c2017 |
||
| 300 |
_a89 p. _c24 cm _e1 CD-ROM (incluye versión completa de la Memoria anual 2016 y Memoria de actividades 2016) |
||
| 500 | _aPubl. simultáneamente en CD-ROM | ||
| 541 | _cGratuito | ||
| 610 | 2 | 4 |
_aConsejo Económico y Social de Extremadura _92436 |
| 650 | 4 |
_acondiciones económicas _927081 |
|
| 650 | 4 |
_aindicador económico _927073 |
|
| 650 | 4 |
_acondiciones sociales _930469 |
|
| 650 | 4 |
_aindicador social _927259 |
|
| 650 | 4 |
_aExtremadura _930798 |
|
| 650 | 4 |
_a2015 _931152 |
|
| 650 | 4 |
_ainforme de actividades _928984 |
|
| 650 | 4 |
_amemoria anual _928977 |
|
| 650 | 4 |
_aCD ROM _930331 |
|
| 653 | 1 | 0 | _aCondiciones económicas |
| 740 | 0 | 2 | _aMemoria de actividades 2016 |
| 787 | 0 |
_tMemoria anual 2015, situación socioeconómica de la Comunidad Autónoma de Extremadura _w(ES-MaCES)48457 |
|
| 902 | _aLIB Libro | ||
| 942 |
_2CES _cBK _h0.0. |
||